Estadísticas para Países por Imagen de Satélite #5

Haz click aquí para intentar la prueba.

Estadísticas generales

  • Esta prueba ha sido intentada 2.449 veces
  • La puntuación promedio es 12 de 16

Estadísticas de respuestas

Respuesta% Correcto
Japón
99%
Canadá
95%
Grecia
95%
Madagascar
94%
Indonesia
93%
Sri Lanka
85%
Yemen
85%
Marruecos
83%
Tailandia
76%
Venezuela
71%
Perú
70%
Timor Oriental
53%
Malta
52%
Namibia
44%
Vanuatu
43%
Belice
26%

Distribución de puntuación

Porcentaje por número respondido

Porcentaje de gente con cada puntuación

Historial de tus puntuaciones

No has intentado esta prueba.